|
|
|
|
| LEADER |
00000nam a2200000 a 4500 |
| 001 |
UCO5901 |
| 003 |
CL-VaPUC |
| 008 |
000922e20000000SP |||||||||||||||||spa|d |
| 082 |
0 |
4 |
|a 658.4
|b MAY
|2 21
|
| 100 |
|
|
|a Mayo, Andrew
|e autor
|9 550397
|
| 700 |
0 |
|
|a Lank, Elizabeth
|e author
|9 450692
|
| 245 |
1 |
4 |
|a Las organizaciones que aprenden: una guía para ganar ventaja competitiva
|
| 246 |
1 |
4 |
|a The power of learning
|
| 300 |
|
|
|a 225 p
|
| 942 |
|
|
|c BK
|
| 945 |
|
|
|d 20000922 00:00:00
|a vberengu
|
| 260 |
|
|
|a Barcelona
|b Edipe
|c 2000
|
| 650 |
|
0 |
|a Aprendizaje
|9 254827
|
| 650 |
|
0 |
|a Aprendizaje organizacional
|9 263803
|
| 650 |
|
0 |
|a Métodos de aprendizaje
|9 334464
|
| 583 |
|
|
|a last modification
|c 20000922 00:00:00
|k Rodrigo Vera
|
| 999 |
|
|
|c 291721
|d 291719
|
| 952 |
|
|
|0 0
|1 0
|4 0
|6 658_400000000000000_MAY_2000
|7 0
|8 A
|9 341864
|a BIBEDU
|b BIBEDU
|d 2019-11-20
|i 3646645
|o 658.4 MAY 2000
|p 3646645
|r 2019-11-20
|w 2019-11-20
|y BK
|k BME
|